Top 30 miss universe 2024 - Statistics

General Stats
  • This quiz has been taken 171 times
  • The average score is 23 of 30
Answer Stats
Answer % Correct
Denmark
96%
Thailand
92%
Venezuela
92%
Mexico
91%
France
88%
Argentina
87%
Chile
87%
Nigeria
87%
Peru
87%
Philippines
87%
China
86%
India
82%
Japan
82%
Russia
80%
Canada
78%
Bolivia
76%
Ecuador
76%
Finland
76%
Vietnam
76%
Dominican Republic
74%
Nicaragua
73%
Zimbabwe
72%
Puerto Rico
71%
Cambodia
66%
Malaysia
63%
Aruba
62%
Egypt
61%
Serbia
59%
Cuba
52%
Macao
47%
No matching quizzes found
Score Distribution
Percent of People with Each Score
Percentile by Number Answered
Your Score History
You have not taken this quiz